Oekonomie der Landwirthschaft; oder Grundsätze zur Verwaltung der Landgüter Ein Handbuch für denkende Gutsbesitzer, Wirthschaftsbeamte, und Pächter Zweyter Theil

Bibliographic Details
Main Author: Angyalffy, Matthias Andreas (Author, Author of introduction, etc.)
Format: Book
Language:German
PhysicalDescription:VIII strán, 2 nečíslované listy, 302 strán tabuľky 8° 19 x 13 cm
Subjects:

MARC

LEADER 00000nam a2200000 4500
001 vtls012252192
003 SK-MaSNL
005 20260302074046.0
008 251112s1824 hu f 000 0 ger
015 |a SNBHFA 
040 |a SNKHF  |b slo  |c SNKHF  |e rda 
041 0 |a ger 
044 |a hu  |c HU 
072 7 |a 33  |x Ekonómia  |2 konspekt 
080 |a 33  |2 2011 
080 |a 631  |2 2011 
080 |a 631.115.1  |2 2011 
100 1 |a Angyalffy, Matthias Andreas  |4 aut  |4 aui  |9 394647 
245 1 0 |a Oekonomie der Landwirthschaft; oder Grundsätze zur Verwaltung der Landgüter Ein Handbuch für denkende Gutsbesitzer, Wirthschaftsbeamte, und Pächter  |n Zweyter Theil  |c von M. A. Angyalffy, mehrerer Landwirthschafts=Gesellschaften Mitgliede 
264 3 |a Pesth  |b [tlačiar nie je známy]  |c 1824 
300 |a VIII strán, 2 nečíslované listy, 302 strán  |b tabuľky  |c 8°  |c 19 x 13 cm 
336 |a text  |b txt  |2 rdacontent 
337 |a bez média  |b n  |2 rdamedia 
338 |a zväzok  |b nc  |2 rdacarrier 
500 |a Vinety, signety, ozdobné iniciálky 
546 |a Nemčina  |b Fraktúra 
561 |a Proveniencia: pečiatka: Dr. E. Kadarász- ver. not. Poz. Margity Zayovej.  |5 SNK ID 103423/2 
563 |a Väzba: papierová.  |5 SNK ID 103423/2 
650 0 7 |a ekonomika  |2 SNKPH  |9 789 
650 0 7 |a farmy  |2 SNKPH  |9 18218 
650 0 7 |a poľnohospodárstvo  |2 SNKPH  |9 679 
700 1 |a Zaiová, Margita,  |d 1868-1937  |4 fmo  |9 186369 
700 1 |a Kadarász, Ernest  |4 oth  |9 302455 
752 |a Maďarsko  |d Pešť 
852 |a snk  |b Zaiova knižnica  |p ID 103423/2 
958 |a DF 
958 |a ONDV 
999 |c 1163496  |d 1165426 
952 |t Zay 7345; Z 8678  |a SNK  |b SNK  |c SNK_HF  |y PREZ  |7 0  |p 17A1400597  |o snkID 103423/2  |i snk2024/3897  |8 5  |0 0  |1 0  |4 0  |d 2024-03-07  |l 0  |r 2026-02-24 20:40:33  |w 2026-02-24